[Event "Gibraltar Amateurs op-A"]
[Site "Caleta"]
[Date "2020.01.23"]
[Round "4"]
[White "Jacob, Sydney J"]
[Black "Zitan, Abdelhay"]
[Result "1/2-1/2"]
[WhiteElo "1816"]
[BlackElo "1705"]
[PlyCount "62"]
[EventDate "2020.01.20"]
[EventType "swiss"]
[EventRounds "5"]
[EventCountry "GGB"]
[SourceTitle "CBM 194 Extra"]
[Source "ChessBase"]
[SourceDate "2020.03.31"]
[SourceVersion "1"]
[SourceVersionDate "2020.03.31"]
[SourceQuality "1"]

1. e4 e5 2. Nf3 Nc6 3. Bb5 a6 4. Ba4 Nf6 5. 0-0 b5 6. Bb3 Be7 7. Re1 d6 8. c3 0-0 9. d4 Bg4 10. d5 Nb8 11. Nbd2 c6 12. dxc6 Nxc6 13. Nf1 Na5 14. Bc2 Re8 15. Ng3 Nc6 16. h3 Bd7 17. Bg5 Be6 18. Qd2 Qc7 19. Nf5 Bxf5 20. exf5 Red8 21. Qe2 h6 22. Bd2 Rab8 23. Bd3 Nd7 24. Rad1 d5 25. Bb1 e4 26. Nh2 Nf6 27. Ng4 Nxg4 28. Qxg4 Ne5 29. Bf4 Bd6 30. Qh5 Be7 31. Qe2 Bf6 1/2-1/2

[Event "Gibraltar Amateurs op-A"]
[Site "Caleta"]
[Date "2020.01.20"]
[Round "1"]
[White "Zitan, Abdelhay"]
[Black "Apps, Ian"]
[Result "1-0"]
[WhiteElo "1705"]
[BlackElo "1308"]
[PlyCount "39"]
[EventDate "2020.01.20"]
[EventType "swiss"]
[EventRounds "5"]
[EventCountry "GGB"]
[SourceTitle "EXT 2021"]
[Source "ChessBase"]
[SourceDate "2020.10.23"]
[SourceVersion "1"]
[SourceVersionDate "2020.10.23"]
[SourceQuality "1"]

1. e4 Nf6 2. Nc3 d6 3. d4 g6 4. Nf3 Bg4 5. Be2 Nc6 6. 0-0 Bg7 7. Be3 0-0 8. h3 Bxf3 9. Bxf3 Na5 10. Be2 a6 11. a4 Qd7 12. Qd2 c6 13. b4 b5 14. axb5 cxb5 15. Rxa5 Rfc8 16. Bd3 Qc6 17. Ra3 Nd7 18. Nd5 Re8 19. Rc3 Qb7 20. Rc7 1-0

[Event "Gibraltar Amateur op-B"]
[Site "Caleta"]
[Date "2017.02.01"]
[Round "5"]
[White "Zitan, Abdelhay"]
[Black "Winter, Kevin"]
[Result "0-1"]
[WhiteElo "1678"]
[BlackElo "1818"]
[PlyCount "78"]
[EventDate "2017.01.28"]
[EventType "swiss"]
[EventRounds "5"]
[EventCountry "GGB"]
[SourceTitle "EXT 2018"]
[Source "ChessBase"]
[SourceDate "2017.10.13"]
[SourceVersion "1"]
[SourceVersionDate "2017.10.13"]
[SourceQuality "1"]

1. e4 d6 2. d4 Nf6 3. Nc3 Nbd7 4. Nf3 e5 5. dxe5 dxe5 6. Bc4 Be7 7. Bxf7+ Kxf7 8. Ng5+ Kg8 9. Ne6 Qe8 10. Nxc7 Qg6 11. 0-0 Rb8 12. N3d5 Qf7 13. Be3 b6 14. Nxe7+ Qxe7 15. Nd5 Qf7 16. f4 Ba6 17. Rf3 Nxd5 18. fxe5 Nxe3 19. Qd6 Qg6 20. Rxe3 Qxd6 21. exd6 Kf7 22. Ra3 Bb7 23. Rxa7 Ke6 24. Rd1 Rhc8 25. c3 Rc4 26. e5 Re4 27. b3 Rxe5 28. Rd2 Rd5 29. Re2+ Kxd6 30. Ra4 Rf8 31. h3 Rd1+ 32. Kh2 Rd3 33. Rg4 Rf7 34. c4 h6 35. Rg6+ Kc7 36. b4 Nf6 37. Re5 Bc6 38. b5 Be4 39. Rxf6 Rxf6 0-1

[Event "Gibraltar Amateur op-A"]
[Site "Caleta"]
[Date "2017.01.25"]
[Round "3"]
[White "Zitan, Abdelhay"]
[Black "Garcia Blazquez, Perez Manuel"]
[Result "0-1"]
[WhiteElo "1678"]
[BlackElo "1851"]
[PlyCount "112"]
[EventDate "2017.01.23"]
[EventType "swiss"]
[EventRounds "5"]
[EventCountry "GGB"]
[SourceTitle "CBM 176 Extra"]
[Source "ChessBase"]
[SourceDate "2017.03.02"]
[SourceVersion "1"]
[SourceVersionDate "2017.03.02"]
[SourceQuality "1"]

1. e4 c5 2. c3 g6 3. d4 cxd4 4. cxd4 d5 5. exd5 Nf6 6. Nf3 Bg7 7. Bb5+ Nbd7 8. 0-0 Nxd5 9. Ne5 0-0 10. Nxd7 Bxd7 11. Bxd7 Qxd7 12. Nc3 Rac8 13. Qb3 Nb6 14. Be3 Rc4 15. Ne2 Rfc8 16. Rad1 Nd5 17. Bc1 b5 18. a3 a5 19. Bd2 b4 20. Rc1 Rxc1 21. Rxc1 Rxc1+ 22. Bxc1 Qb5 23. Qc2 Nb6 24. b3 h5 25. a4 Qa6 26. Qe4 Nd5 27. Bd2 e6 28. Nf4 Ne7 29. h3 Nf5 30. d5 e5 31. Qd3 Qxd3 32. Nxd3 Nd4 33. Nc1 Kf8 34. Be3 Ke7 35. Bxd4 exd4 36. Kf1 Bh6 37. Nd3 Kd6 38. f4 Kxd5 39. Ke2 Ke4 40. g3 Bf8 41. Nf2+ Kf5 42. Kf3 f6 43. Ne4 Ke6 44. g4 hxg4+ 45. hxg4 Bd6 46. Nd2 Kd5 47. Ne4 Be7 48. Nd2 Bd6 49. Nc4 Bc7 50. Nd2 Bb6 51. Nc4 Ba7 52. Nd2 d3 53. Ne4 f5 54. gxf5 gxf5 55. Nd2 Kd4 56. Nb1 Bb8 0-1

[Event "Hammamet Carthage op 1st"]
[Site "Hammamet"]
[Date "2015.10.09"]
[Round "7"]
[White "Zitan, Abdelhay"]
[Black "Hergli, Khaled"]
[Result "0-1"]
[WhiteElo "1731"]
[BlackElo "1815"]
[PlyCount "107"]
[EventDate "2015.10.04"]
[EventType "swiss"]
[EventRounds "9"]
[EventCountry "TUN"]
[SourceTitle "CBM 168 Extra"]
[Source "ChessBase"]
[SourceDate "2015.10.29"]
[SourceVersion "1"]
[SourceVersionDate "2015.10.29"]
[SourceQuality "1"]

1. e4 e5 2. Nf3 Nc6 3. Bb5 Nf6 4. Nc3 Be7 5. 0-0 d6 6. d4 exd4 7. Nxd4 Bd7 8. Nxc6 bxc6 9. Bc4 0-0 10. h3 Be6 11. Bd3 c5 12. Nd5 h6 13. Nxe7+ Qxe7 14. c4 Rfd8 15. Qe2 Bc8 16. Bf4 Re8 17. Rfe1 Bb7 18. f3 Nd7 19. Rac1 Qh4 20. Qd2 a5 21. Kh2 a4 22. Bg3 Qf6 23. a3 Bc6 24. Rc3 Rab8 25. Bb1 Rb7 26. Qc1 Reb8 27. Re2 h5 28. h4 Ne5 29. Be1 Bd7 30. Kg1 Ng6 31. g3 Ne5 32. Rf2 Be6 33. Ba2 Nc6 34. Re3 Qh6 35. Bc3 Nd4 36. Qe1 Nb5 37. Bd2 Qf6 38. Bc1 Nd4 39. Qa5 Qg6 40. f4 Bd7 41. f5 Qf6 42. Rd3 Qe5 43. Qe1 f6 44. Qe3 Bc6 45. Rf4 Re8 46. Qf2 Reb8 47. Qe3 Nc2 48. Qe2 Nd4 49. Qxh5 Rxb2 50. Rg4 Ne2+ 51. Kf1 Nxc1 52. Qh6 Qe7 53. Qxc1 Rxa2 54. Qh6 0-1

[Event "Hammamet Carthage op 1st"]
[Site "Hammamet"]
[Date "2015.10.04"]
[Round "1"]
[White "Zitan, Abdelhay"]
[Black "Amdouni, Zoubaier"]
[Result "0-1"]
[WhiteElo "1731"]
[BlackElo "2306"]
[PlyCount "60"]
[EventDate "2015.10.04"]
[EventType "swiss"]
[EventRounds "9"]
[EventCountry "TUN"]
[SourceTitle "CBM 168 Extra"]
[Source "ChessBase"]
[SourceDate "2015.10.29"]
[SourceVersion "1"]
[SourceVersionDate "2015.10.29"]
[SourceQuality "1"]

1. e4 c5 2. Nf3 Nc6 3. d4 cxd4 4. Nxd4 e6 5. Be2 Qc7 6. 0-0 a6 7. Be3 Nf6 8. Nc3 b5 9. a3 Bb7 10. f3 Be7 11. Kh1 0-0 12. Nxc6 dxc6 13. Qe1 c5 14. Na2 Rfd8 15. c4 Bc6 16. Qf2 Nd7 17. b3 Qa5 18. Nc1 bxc4 19. bxc4 Rab8 20. Ra2 Bf6 21. Nd3 Rb3 22. e5 Nxe5 23. Nxe5 Bxe5 24. Bxc5 h6 25. Rc2 Ba4 26. Bb4 Qc7 27. f4 Bd4 28. Qe1 Rxb4 29. axb4 Bxc2 30. Qc1 Be4 0-1